Structural analysis

Guardat en:
Dades bibliogràfiques
Autor principal: HIBBELER, R. C.
Format: Llibre
Idioma:anglès
Publicat: Pearson Education 2017.
Etiquetes: Afegir etiqueta
Sense etiquetes, Sigues el primer a etiquetar aquest registre!

MARC

LEADER 00000nam a22000007a 4500
008 210506b ||||| |||| 00| 0 eng d
020 |a  978-1-292-08946-1 
100 |a HIBBELER, R. C. 
245 |a Structural analysis  |c R. C. Hibbeler  |g xxiv, 700p.; ill. 
250 |b 9th ed. 
260 |b Pearson Education  |c 2017.   |h  Boston  |i  691067   |i 691068   |l TA645 .H52  |m Structural analysis (Engineering). 
500 |a “It includes index.” 
942 |a lcc  |c BK  |e Adekanye, I. H.  |f 06/05/2021 
952 |0 0  |1 0  |2 lcc  |4 0  |6 TA0645 H52  |7 0  |9 2401  |a HOL  |b HOL  |c QZ  |d 2021-05-06  |l 0  |o TA645 .H52  |p 2021-6252  |r 2021-05-06 00:00:00  |w 2021-05-06  |y BK 
952 |0 0  |1 0  |2 lcc  |4 0  |6 TA0645 H52  |7 0  |9 2402  |a HOL  |b TL  |c QZ  |d 2021-05-06  |l 0  |o TA645 .H52  |p 2021-6253  |r 2021-05-06 00:00:00  |w 2021-05-06  |y BK 
999 |c 1246  |d 1246